00988cam a22003254i 4500003000900000005001700009008004100026035001900067040003300086082002300119100002300142245003400165264005500199300002800254336002100282337002500303338002300328505021500351526001000566526001000576526001000586526001000596526000800606526000800614526000800622526000800630526000800638526000800646526000800654PE-LiUPU20250731173204.0150625s r 000 0 d a(Sirsi) a31035 aPE-LiUPUbspacPE-LiUPUerda04a220.41802bL872211 aLouw J.P.,eautor.10aLexicography And Translation. 1aCape Town :bBible Society of South Africa,c1985. a205 páginas ;c21 cm. atext2rdacontent aunmediated2rdamedia avolume2rdacarrier0 aLexicography and bible translating. -What dictionaries are like. -The present state of ot lexicography. -Old testament sample studies. -New testament sample studies. -A semantic domain approach to lexicography. aSEG42 aSEG41 aSEG40 aSEG39 aP94 aP87 aP86 aP85 aP77 aP76 aP35